Library Banner

Safety management and engineering (Record no. 35094)

MARC details
000 -LEADER
fixed length control field 00439nam a2200169Ia 4500
001 - CONTROL NUMBER
control field 35578
008 - FIXED-LENGTH DATA ELEMENTS--GENERAL INFORMATION
fixed length control field 140421s9999 xx 000 0 und d
020 ## - INTERNATIONAL STANDARD BOOK NUMBER
International Standard Book Number NA
040 ## - CATALOGING SOURCE
Transcribing agency PK-LaUMT
082 ## - DEWEY DECIMAL CLASSIFICATION NUMBER
Classification number 658.408
Item number RAO-S
100 ## - MAIN ENTRY--PERSONAL NAME
Personal name Raouf, A.
245 ## - TITLE STATEMENT
Title Safety management and engineering
Remainder of title an integrated approach
Statement of responsibility, etc Raouf, A.
260 ## - PUBLICATION, DISTRIBUTION, ETC. (IMPRINT)
Place of publication, distribution, etc Lahore,Pakistan:
Name of publisher, distributor, etc Punjab University Press,
Date of publication, distribution, etc 2007
300 ## - PHYSICAL DESCRIPTION
Extent 211 p.
546 ## - LANGUAGE NOTE
Language note EN
942 ## - ADDED ENTRY ELEMENTS (KOHA)
Koha item type Books
Holdings
Withdrawn status Lost status Source of classification or shelving scheme Damaged status Not for loan Home library Current library Date acquired Total Checkouts Full call number Barcode Date last seen Price effective from Koha item type
    Dewey Decimal Classification     UMT Main Campus UMT Main Campus 2014-04-21   658.408 RAO-S 40683 2014-05-05 2014-05-05 Books
    Dewey Decimal Classification     UMT Main Campus UMT Main Campus 2014-06-24   658.408 RAO-S 45177 2014-06-24 2014-06-24 Books
    Dewey Decimal Classification     UMT Main Campus UMT Main Campus 2014-06-24   658.408 RAO-S 45178 2014-06-24 2014-06-24 Books